Elements of bioenvironmetal engineering (0 910554 67 6)
Shranjeno v:
| Glavni avtor: | |
|---|---|
| Format: | Knjiga |
| Jezik: | Undetermined |
| Izdano: |
Engineering Press
1988
|
| Oznake: |
Označite
Brez oznak, prvi označite!
|
| Thư viện lưu trữ: | Trung tâm Học liệu Trường Đại học Cần Thơ |
|---|
| LEADER | 00440nam a2200145Ia 4500 | ||
|---|---|---|---|
| 001 | CTU_49326 | ||
| 008 | 210402s9999 xx 000 0 und d | ||
| 082 | |a 628.162 | ||
| 082 | |b G266 | ||
| 100 | |a ANTHONY F GAUDY | ||
| 245 | 0 | |a Elements of bioenvironmetal engineering (0 910554 67 6) | |
| 245 | 0 | |c ANTHONY F GAUDY, Elizabeth T. Gaudy | |
| 260 | |b Engineering Press | ||
| 260 | |c 1988 | ||
| 980 | |a Trung tâm Học liệu Trường Đại học Cần Thơ | ||